By ways of blessedness. (Record no. 76200)

MARC details
000 -LEADER
fixed length control field 00587cam a22002171 4500
001 - CONTROL NUMBER
control field sa 67006851
003 - CONTROL NUMBER IDENTIFIER
control field DLC
005 - DATE AND TIME OF LATEST TRANSACTION
control field 20260227112411.0
008 - FIXED-LENGTH DATA ELEMENTS--GENERAL INFORMATION
fixed length control field 820810s1966 ii 000 0 eng
010 ## - LIBRARY OF CONGRESS CONTROL NUMBER
LC control number sa 67006851
035 ## - SYSTEM CONTROL NUMBER
System control number (OCoLC)8676034
040 ## - CATALOGING SOURCE
Original cataloging agency DLC
Transcribing agency MoU
Modifying agency DLC
042 ## - AUTHENTICATION CODE
Authentication code premarc
050 00 - LIBRARY OF CONGRESS CALL NUMBER
Classification number BJ1581
Item number .A52 1966
100 1# - MAIN ENTRY--PERSONAL NAME
Personal name Allen, James,
Dates associated with a name 1864-1912.
245 10 - TITLE STATEMENT
Title By ways of blessedness.
250 ## - EDITION STATEMENT
Edition statement [1st ed.]
260 ## - PUBLICATION, DISTRIBUTION, ETC.
Place of publication, distribution, etc. Tirunelveli,
Name of publisher, distributor, etc. South India Saiva Siddhanta Works Pub. Society, Tinnevelly,
Date of publication, distribution, etc. 1966.
300 ## - PHYSICAL DESCRIPTION
Extent 140 p.
650 #0 - SUBJECT ADDED ENTRY--TOPICAL TERM
Topical term or geographic name entry element Conduct of life.

No items available.

Powered by Koha